| 000 | 00639nam a22001457a 4500 | ||
|---|---|---|---|
| 022 | _a978-81-7223-543-7 | ||
| 082 |
_a823 _bCOE/V |
||
| 100 | _aCOELHO,PAULO | ||
| 245 | _aVERONICA DECIDES TO DIE | ||
| 246 |
_aVERONICA DECIDES TO DIE _bVERONICA DECIDES TO DIE |
||
| 260 |
_aU K _bHARPER COLLINS _c2008 |
||
| 300 | _a191 | ||
| 520 | _aVeronika is a young woman from Ljubljana, Slovenia, who appears to have a perfect life, but nevertheless decides to commit suicide by overdosing with sleeping pills. While she waits to die, she cancels the suicide letter she starts to her parents while suddenly provoked by a magazine article. | ||
| 942 | _cBK | ||
| 999 |
_c8476 _d8476 |
||